000 00274nam a2200121 a 4500
001 4140
005 20140414131928.0
008 090218s19uu xx 00 eng d
050 _aER
_bSp6 1985
100 _aHill, Eric
245 _aSpot goes to the beach.
999 _c112119
_d112119